000
00271nam a22001097a 4500
999
_c
13445
_d
13445
082
_a
891.439
100
_a
ثروت سلطانہ ثروت
245
_a
ضرب المثل اشعار
260
_a
کراچی
_b
ذکی پرنٹرز
_c
2010
300
_a
350 pages
942
_c
BK